000 02669nam a22002537a 4500
003 UA-OsUOA
005 20201105171025.0
008 200401b un ||||| m||| 00| 0 ukr d
040 _aUA-OsUOA
_bukr
_cUA-OsUOA
_dUA-OsUOA
041 _aukr
080 _a343.13
090 _a343.13
095 _a12.00.09
_bкримінальний процес та криміналістика; судова експертиза; оперативно-розшукова діяльність
100 _aКлепка Д. І.
245 _aОскарження рішень, дій чи бездіяльності під час досудового розслідування як окремий вид провадження
_cКлепка Дар'я Ігорівна ; наук. керівник Трофименко Володимир Михайлович
260 _aХарків
_c2017
300 _a20 с.
502 _6Автореферат дисертації на здобуття наукового ступеня кандидата юридичних наук
_cНаціонального юридичного університету імені Ярослава Мудрого
_d2017
520 _aУ роботі з’ясовано сутність оскарження рішень, дій чи бездіяльності під час досудового розслідування як окремого виду провадження. Досліджено такі складові інституту оскарження як: оскарження рішень, дій чи бездіяльності слідчого, прокурора; оскарження ухвал слідчого судді; оскарження слідчим рішень, дій чи бездіяльності прокурора. Сформульовано низку пропозицій, спрямованих на вдосконалення чинного кримінального процесуального законодавства в сфері регулювання оскарження рішень, дій чи бездіяльності під час досудового розслідування, з метою захисту прав та законних інтересів осіб, залучених до орбіти кримінального судочинства.
650 _2UDC
_a343 Кримінальне право. Карні порушення
942 _2udc
_cAR
955 _a1
999 _c458667
_d458667